000 00592nam a2200205Ia 4500
003 GCL
008 140319s9999 xx 000 0 eng d
020 _a1 85743 132 4
040 _aGCL /
_cGCL
082 0 4 _aREF
_b956
_bE M
245 1 0 _aTHE MIDDLE EAST AND NORTH AFRICA 2003
250 _a49
260 _aانجلترا :
_bEUROPA PUBLICATIONS LIMITED ،
_c2003
300 _a32 CM ؛
_c1356 P
650 0 4 _aMIDDLE EAST - ECONOMIC CONDITION
650 0 4 _aMIDDLE EAST - HISTORY
650 0 4 _aNORTH AFRICA - HISTORY
650 0 4 _aNORTH AFRICA - ECONOMIC CONDITIONS
942 _2ddc
_cREF
999 _c5412
_d5412